000 01249nam0a22003251 4500
001 RU\NLR\BIBL_A\016373627
005 20260408084127.0
035 _a(NLR Aleph) 016373627
090 _a13190179
_c13190179
100 _a20230519d1840 |||y0rusy50 ca
101 0 _afre
102 _aRU
105 _aa z |||a|
181 0 _ai
_baxxe
182 0 _an
200 1 _aFables
203 _aТекст
_bвизуальный
_cнепосредственный
210 _aMoscou
_cGlasounow et frères
_d1840
317 _aЭкз. РНБ (41/22): Из Библиотеки Издательства "Всемирная литература"
_5NLR: 41/22
700 1 _8fre
_7ba
_aLa Fontaine
_bJ. de
_f1621-1695
_gJean de
_3RU\NLR\AUTH\770136972
_9136937
712 0 2 _4390
_a"Всемирная литература", издательство
_cЛенинград
_bБиблиотека
_3RU\NLR\AUTH\8810182036
_9860693
801 0 _aRU
_bNLR
801 1 _aRU
_bNLR
_2rusmarc
830 _aЭкз. "Всемирной лит." описан по карточке каталога Отделения "Б-ка всемирной лит."
852 _aNLR
_j41/22
942 _cBOOK
980 _aNB
980 _aWL